| 000 | 00427nam a2200169Ia 4500 | ||
|---|---|---|---|
| 008 | 221030s9999 xx 000 0 und d | ||
| 020 | _a812190868X | ||
| 041 | _aEnglish | ||
| 082 | _a105.23 | ||
| 100 | _aR. S. Khurmi | ||
| 245 | 2 | _aA Text Bok of Workshop Technology - Manufacturing Processes | |
| 260 |
_bS. Chand & Co. _aNew Delhi _c2010 |
||
| 300 | _a551 | ||
| 650 | _aMechanical | ||
| 700 | _aJ. K. Gupta | ||
| 942 | _cBK | ||
| 999 |
_c6399 _d6399 |
||